[Event "Eivissa City-chT"]
[Site "Eivissa"]
[Date "2015.03.07"]
[Round "1.3"]
[White "Guasch Riera, Joan"]
[Black "Semper Ballester, Javier"]
[Result "1/2-1/2"]
[WhiteElo "1717"]
[BlackElo "1652"]
[PlyCount "75"]
[EventDate "2015.03.07"]
[EventType "team-tourn"]
[EventRounds "5"]
[EventCountry "ESP"]
[SourceTitle "EXT 2016"]
[Source "ChessBase"]
[SourceDate "2015.10.08"]
[SourceVersion "1"]
[SourceVersionDate "2015.10.08"]
[SourceQuality "1"]
[WhiteTeam "Santa Eulalia"]
[BlackTeam "Ibiza Casino"]
[WhiteTeamCountry "ESP"]
[BlackTeamCountry "ESP"]

1. e4 e5 2. Nf3 Nc6 3. Bb5 a6 4. Ba4 Nf6 5. Qe2 b5 6. Bb3 Bc5 7. d3 h6 8. Be3 Bxe3 9. Qxe3 d6 10. c3 0-0 11. 0-0 Re8 12. Rd1 Bg4 13. Nbd2 Ne7 14. h3 Bh5 15. Nf1 c6 16. Ng3 Bg6 17. Nh4 Bh7 18. Qf3 Rf8 19. d4 Qc7 20. Ngf5 Nxf5 21. Nxf5 Rae8 22. Bc2 Bxf5 23. Qxf5 d5 24. exd5 cxd5 25. dxe5 Rxe5 26. Qf3 Rfe8 27. Kf1 R5e7 28. Qg3 Qxg3 29. fxg3 Re2 30. Rac1 R8e5 31. Re1 Rxe1+ 32. Rxe1 Rxe1+ 33. Kxe1 Ne4 34. Bxe4 dxe4 35. Ke2 f5 36. Ke3 Kf7 37. b3 Ke7 38. g4 1/2-1/2

[Event "Eivissa Insular-ch"]
[Site "Eivissa"]
[Date "2014.12.06"]
[Round "6"]
[White "Semper Ballester, Javier"]
[Black "Hernandez Pena, Juan Ignacio"]
[Result "1/2-1/2"]
[WhiteElo "1668"]
[BlackElo "1310"]
[PlyCount "123"]
[EventDate "2014.10.25"]
[EventType "swiss"]
[EventRounds "7"]
[EventCountry "ESP"]
[SourceTitle "EXT 2016"]
[Source "ChessBase"]
[SourceDate "2015.10.08"]
[SourceVersion "1"]
[SourceVersionDate "2015.10.08"]
[SourceQuality "1"]

1. e4 e6 2. d4 d5 3. exd5 exd5 4. Nf3 Nf6 5. Bf4 c5 6. c4 Nc6 7. Be3 Qb6 8. b3 Bd6 9. Be2 Ng4 10. dxc5 Bxc5 11. Bxc5 Qxc5 12. 0-0 Nf6 13. cxd5 Qxd5 14. Qxd5 Nxd5 15. Bc4 Be6 16. Ng5 Nd4 17. Nxe6 fxe6 18. Nd2 b5 19. Bxd5 exd5 20. Rfe1+ Kd7 21. Re5 Kd6 22. Rae1 Rac8 23. Nf1 Rc1 24. Rxc1 Kxe5 25. Rd1 Ne2+ 26. Kh1 Rc8 27. Re1 Rc2 28. Ng3 Rc1 29. f4+ Ke6 30. Rxc1 Nxc1 31. Kg1 Nxa2 32. Ne2 a6 33. g4 b4 34. Kf2 Nc3 35. Nd4+ Kd7 36. Ke3 Ne4 37. h4 g6 38. f5 gxf5 39. Nxf5 Nc5 40. Nd4 Ke7 41. g5 a5 42. Kf3 Kf7 43. Kg4 a4 44. bxa4 b3 45. Nxb3 Nxb3 46. Kf5 Nc5 47. a5 d4 48. Kf4 Kg6 49. Kf3 d3 50. Ke3 d2 51. Kxd2 Nb3+ 52. Ke3 Nxa5 53. Kf4 Nc6 54. Kg4 Ne5+ 55. Kf4 Nd3+ 56. Kg4 Ne5+ 57. Kf4 Nc4 58. Kg4 Ne3+ 59. Kf4 Nf1 60. Kg4 Ne3+ 61. Kf4 Ng2+ 62. Kg4 1/2-1/2